[Event "Tournoi Skype 031B"]
[Site "Skype"]
[Date "????.??.??"]
[Round "6.24"]
[White "Gomez Caballero, Blas"]
[Black "Montilla Bejarano, Mey"]
[Result "1-0"]
[WhiteElo "1215"]
[BlackElo "1088"]
[PlyCount "67"]

1. e4 d5 2. e5 Bf5 3. d4 e6 4. Nf3 Ne7 5. Bg5 c5 6. Bb5+ Nbc6 7. Bxc6+ bxc6 8.
dxc5 Qa5+ 9. Nc3 Qxc5 10. Be3 Qb4 11. Rb1 c5 12. Bd2 Qg4 13. O-O Qg3 14. hxg3
d4 15. Nb5 Nd5 16. Rc1 a6 17. Na3 Rb8 18. Nc4 Be7 19. Nh2 g5 20. c3 Bd3 21.
Qa4+ Kf8 22. Rfe1 dxc3 23. bxc3 g4 24. Qxa6 Kg7 25. Qa4 Ra8 26. Qd1 Bxc4 27.
Qxg4+ Kf8 28. Bh6+ Ke8 29. Qxc4 Nb6 30. Qb5+ Nd7 31. a4 Rb8 32. Qc6 Bf8 33.
Bxf8 Rc8 34. Qxc8# 1-0

[Event "Tournoi Skype 031B"]
[Site "Skype"]
[Date "????.??.??"]
[Round "6.25"]
[White "Conde, Carmen"]
[Black "Achicanoy, Yolanda"]
[Result "1-0"]
[WhiteElo "1206"]
[BlackElo "1000"]
[PlyCount "75"]

1. e4 e5 2. Nf3 Nc6 3. Bc4 Bc5 4. d3 Nf6 5. Ng5 h6 6. Bxf7+ Ke7 7. Bc4 d6 8.
Nf7 Qf8 9. Nxh8 Qxh8 10. a3 Bb6 11. h3 Qf8 12. Qe2 Nd4 13. Qd2 Nh5 14. c3 Nb3
15. Bxb3 Nf4 16. f3 c6 17. d4 Qf6 18. dxe5 Qh4+ 19. Kd1 d5 20. Qxf4 Qf2 21.
exd5 cxd5 22. Qb4+ Bc5 23. Qf4 Be6 24. Nd2 g5 25. Qf6+ Kd7 26. Qg7+ Kc6 27.
Qxh6 Qxg2 28. Qxe6+ Kb5 29. a4+ Ka5 30. Re1 Bf2 31. Qxd5+ Kb6 32. Nc4+ Kc7 33.
Qd6+ Kc8 34. e6 Qxf3+ 35. Re2 Qh1+ 36. Kd2 Bh4 37. Qd7+ Kb8 38. Qd8# 1-0

[Event "Tournoi Skype 031B"]
[Site "Skype"]
[Date "????.??.??"]
[Round "6.26"]
[White "Abate, Luigi"]
[Black "Roberts, Mario"]
[Result "0-1"]
[WhiteElo "1066"]
[BlackElo "1195"]
[PlyCount "24"]

1. d4 Nf6 2. Bf4 Nd5 3. Nf3 Nxf4 4. e3 Ng6 5. Nbd2 d5 6. Bd3 Nc6 7. O-O e5 8.
Re1 e4 9. Ne5 exd3 10. cxd3 Ngxe5 11. dxe5 Nxe5 12. d4 Nd3 0-1

[Event "Tournoi Skype 031B"]
[Site "Skype"]
[Date "????.??.??"]
[Round "6.29"]
[White "Llabres, Sergio"]
[Black "Vargas, Elvin"]
[Result "1-0"]
[WhiteElo "1181"]
[BlackElo "1000"]
[PlyCount "49"]

1. d4 Nf6 2. c4 e6 3. Nf3 d5 4. e3 Nc6 5. b3 a6 6. a3 b5 7. cxd5 exd5 8. Bb2
Bd6 9. Bd3 O-O 10. O-O Re8 11. Nbd2 Ne7 12. Rc1 Nf5 13. Ne5 Bb7 14. Qf3 Qc8 15.
Bxf5 c5 16. Bxc8 Bxc8 17. dxc5 Bxe5 18. Bxe5 Rxe5 19. e4 dxe4 20. Qf4 Rf5 21.
Qc7 Ne8 22. Qe7 Be6 23. c6 Rc8 24. Rfe1 Rc7 25. Qxe8# 1-0

[Event "Tournoi Skype 031B"]
[Site "Skype"]
[Date "????.??.??"]
[Round "6.30"]
[White "Perez Fermin, Jose"]
[Black "Vasquez Donaire, Ivis Godofredo"]
[Result "0-1"]
[WhiteElo "1417"]
[BlackElo "1000"]
[PlyCount "62"]

1. e4 e5 2. Nf3 Nc6 3. Bc4 h6 4. d3 Bc5 5. c3 Bb6 6. O-O Nf6 7. a4 a5 8. Nbd2
O-O 9. h3 d6 10. Re1 Bd7 11. Nf1 Qc8 12. N1h2 Bxh3 13. gxh3 Qxh3 14. Be3 Bxe3
15. Rxe3 Ng4 16. Nxg4 Qxg4+ 17. Kf1 Ne7 18. Nd2 Qh4 19. Nf3 Qh3+ 20. Ke2 Ng6
21. Kd2 Nf4 22. Qh1 Qg4 23. Rg1 Qh3 24. Qxh3 Nxh3 25. Rg2 c6 26. Rh2 Nf4 27.
Re1 d5 28. exd5 cxd5 29. Bb5 e4 30. d4 exf3 31. Rh4 Ng2 0-1

[Event "Tournoi Skype 031B"]
[Site "Skype"]
[Date "????.??.??"]
[Round "6.31"]
[White "Colangelo, Michele"]
[Black "Luna Perez Vico, Lorenzo"]
[Result "0-1"]
[WhiteElo "1108"]
[BlackElo "1341"]
[PlyCount "34"]

1. e4 c5 2. Nf3 Nc6 3. Bc4 e6 4. d4 cxd4 5. Nxd4 a6 6. Nf3 Qc7 7. Nc3 Nf6 8. h3
h6 9. O-O Be7 10. Re1 Ne5 11. Bf4 Nxf3+ 12. Qxf3 Qxc4 13. e5 Nh7 14. Qg4 Bg5
15. Ne2 Bxf4 16. Nxf4 g5 17. b3 Qxf4 0-1

[Event "Tournoi Skype 031B"]
[Site "Skype"]
[Date "????.??.??"]
[Round "6.32"]
[White "Bland, Marilyn"]
[Black "Prieto Umba, Jairo Ovidio"]
[Result "1/2-1/2"]
[WhiteElo "1077"]
[BlackElo "1317"]
[PlyCount "47"]

1. d4 d5 2. Nf3 Bf5 3. c3 e6 4. Bf4 c5 5. e3 a6 6. Be2 Nf6 7. Nbd2 b5 8. a3 Nc6
9. b4 c4 10. O-O h6 11. Ne5 Nxe5 12. Bxe5 Nd7 13. Bg3 Qg5 14. Nf3 Qd8 15. Qd2
Be7 16. Ne5 O-O 17. Nc6 Qe8 18. Rad1 Rc8 19. Nxe7+ Qxe7 20. Bf3 Nf6 21. Qa2 Be4
22. Bxe4 Nxe4 23. Qc2 Nxg3 24. fxg3 1/2-1/2

[Event "Tournoi Skype 031B"]
[Site "Skype"]
[Date "????.??.??"]
[Round "6.35"]
[White "Rivalta, Paolo"]
[Black "Nontsikelelo, Yvonne"]
[Result "0-1"]
[WhiteElo "1143"]
[BlackElo "1044"]
[PlyCount "70"]

1. d4 d5 2. Nf3 Nf6 3. Bg5 Nbd7 4. e3 e6 5. Ne5 Be7 6. Bd3 O-O 7. O-O h6 8. Bf4
Bd6 9. c3 Ne4 10. Qg4 Ng5 11. Bxg5 Qxg5 12. Qxg5 hxg5 13. Nf3 f6 14. Nbd2 Kf7
15. e4 g4 16. Ne1 c5 17. Be2 cxd4 18. cxd4 Bb4 19. Nb3 dxe4 20. Bxg4 f5 21. Be2
Nb6 22. Nc2 Nd5 23. a3 Bd6 24. Rad1 Nf4 25. Bc4 Bd7 26. Nc5 Bxc5 27. dxc5 Ke7
28. b4 Ba4 29. Rd2 a6 30. Nd4 Rad8 31. Rfd1 Bxd1 32. Rxd1 e5 33. c6 Rxd4 34.
Rxd4 exd4 35. c7 Rc8 0-1

[Event "Tournoi Skype 031B"]
[Site "Skype"]
[Date "????.??.??"]
[Round "6.36"]
[White "Trapletti, Cosetta"]
[Black "Marin Gomez, Ian Javier"]
[Result "0-1"]
[WhiteElo "1138"]
[BlackElo "1000"]
[PlyCount "125"]

1. d4 d5 2. e3 c6 3. c4 Bf5 4. Nc3 Nf6 5. Be2 e6 6. Nf3 Bd6 7. O-O O-O 8. a4
Nbd7 9. c5 Be7 10. Bd3 Re8 11. Re1 e5 12. Bxf5 exd4 13. exd4 b6 14. Be3 bxc5
15. dxc5 Bxc5 16. Qd2 Qc7 17. Bf4 Bd6 18. g3 Rad8 19. Ng5 h6 20. Bxd6 Qxd6 21.
Nf3 Nc5 22. Ra3 Re7 23. Bd3 Rde8 24. Ne2 Nfe4 25. Qc2 Nxd3 26. Rxd3 Nc5 27. b4
Nxd3 28. Qxd3 Qxb4 29. Qd1 Qc4 30. Nfd4 c5 31. Nf5 Re6 32. Qb1 Qa6 33. Qb2 d4
34. Qd2 Rxe2 35. Rxe2 Rxe2 36. Qf4 d3 37. Qf3 Re1+ 38. Kg2 Qf6 39. Qf4 Re2 40.
Qf3 c4 41. g4 c3 42. Qxd3 Qe5 43. Qd8+ Kh7 44. Ne7 Qxe7 45. Qd3+ Qe4+ 46. Qxe4+
Rxe4 47. f3 c2 48. fxe4 c1=Q 49. Kh3 Qe3+ 50. Kh4 Qxe4 51. h3 f5 52. Kh5 fxg4
53. hxg4 g6+ 54. Kh4 Kg7 55. Kg3 Kf6 56. Kh4 h5 57. Kg3 Qxg4+ 58. Kf2 Qe4 59.
Kg3 Kf5 60. Kh3 Qf4 61. Kg2 Kg4 62. Kh1 Qd2 63. Kg1 0-1

[Event "Tournoi Skype 031B"]
[Site "Skype"]
[Date "????.??.??"]
[Round "6.38"]
[White "Skura, Simone"]
[Black "Barrera Mendoza, Carlos"]
[Result "0-1"]
[WhiteElo "1000"]
[BlackElo "1240"]
[PlyCount "40"]

1. e4 e5 2. Nf3 Nc6 3. Bc4 Nf6 4. Nc3 Nxe4 5. Nxe4 d5 6. Bb5 a6 7. Bxc6+ bxc6
8. Nc3 Bg4 9. h3 Bh5 10. g4 Bg6 11. Nxe5 Qe7 12. d4 f6 13. f4 fxe5 14. fxe5
Qh4+ 15. Ke2 Bb4 16. Bd2 O-O 17. Be1 Qg5 18. e6 Rae8 19. Nxd5 Rxe6+ 20. Ne3
Qxe3# 0-1

[Event "Tournoi Skype 031B"]
[Site "Skype"]
[Date "????.??.??"]
[Round "6.39"]
[White "Schuh, David"]
[Black "Milanese, Serge"]
[Result "1/2-1/2"]
[WhiteElo "1052"]
[BlackElo "1202"]
[PlyCount "65"]

1. d4 d5 2. c4 Nf6 3. Nc3 e6 4. Bg5 Be7 5. e3 a6 6. Bd3 c6 7. f3 dxc4 8. Bxc4
b5 9. Bd3 Nbd7 10. Qc2 Bb7 11. Nge2 c5 12. O-O Nb6 13. Ne4 c4 14. Nxf6+ Bxf6
15. Bxf6 Qxf6 16. Be4 Bd5 17. Bxd5 Nxd5 18. Qd2 O-O 19. b3 Rac8 20. e4 c3 21.
Qd3 Nf4 22. Nxf4 Qxf4 23. Rac1 b4 24. a3 a5 25. axb4 axb4 26. Rc2 Ra8 27. Qc4
Qe3+ 28. Kh1 Rab8 29. Ra2 Rfc8 30. Qe2 Qxd4 31. h4 g6 32. Ra8 Rxa8 33. Qf2
1/2-1/2

[Event "Tournoi Skype 031B"]
[Site "Skype"]
[Date "????.??.??"]
[Round "6.40"]
[White "Latterra, Jeremias"]
[Black "Radice, Marco"]
[Result "0-1"]
[WhiteElo "1047"]
[BlackElo "1198"]
[PlyCount "86"]

1. e4 c5 2. Nf3 d6 3. c3 Qa5 4. Be2 Nf6 5. d3 Nc6 6. O-O e5 7. Na3 Be6 8. Nc4
Bxc4 9. dxc4 Nxe4 10. Re1 Be7 11. Qb3 Qc7 12. a3 O-O 13. Qa2 Bh4 14. Nxh4 Qd8
15. Nf3 Ne7 16. b4 Nxc3 17. Qb3 Nxe2+ 18. Rxe2 Ng6 19. Be3 e4 20. Ne1 Qf6 21.
Rd1 Ne5 22. bxc5 dxc5 23. Qxb7 Nxc4 24. Bxc5 Rfe8 25. Rxe4 Reb8 26. Qd5 Rd8 27.
Bd4 Rxd5 28. Bxf6 Rxd1 29. Kf1 Nd2+ 30. Ke2 Rxe1+ 31. Kxe1 Nxe4 32. Bh4 Re8 33.
f3 Nc3+ 34. Kd2 Nb5 35. Bf2 Rd8+ 36. Ke3 Nxa3 37. Kf4 a5 38. Bb6 Ra8 39. Ke4 a4
40. Kd3 Rc8 41. Bd4 Nc2 42. Bc3 Na3 43. Bb4 Nb5 0-1

[Event "Tournoi Skype 031B"]
[Site "Skype"]
[Date "????.??.??"]
[Round "6.41"]
[White "Alarcon Alarcon, Marina"]
[Black "Grib, Jessica"]
[Result "1-0"]
[WhiteElo "1196"]
[BlackElo "1012"]
[PlyCount "71"]

1. e4 e5 2. Nf3 Nc6 3. Bc4 h6 4. d4 d6 5. dxe5 dxe5 6. Qxd8+ Kxd8 7. Be3 Nf6 8.
Nc3 Ng4 9. Bxf7 Nxe3 10. fxe3 Ke7 11. Bc4 Be6 12. Bxe6 Kxe6 13. O-O-O Nb4 14.
a3 Na6 15. Rd3 Nc5 16. Rd2 a5 17. Rhd1 Be7 18. Nb5 Na6 19. Rd7 Rhc8 20. R1d5
Bf6 21. Nc3 Rab8 22. Rd1 Nc5 23. R7d5 b6 24. g3 c6 25. Rd6+ Ke7 26. b4 Nb7 27.
R6d3 b5 28. h4 a4 29. g4 g5 30. h5 c5 31. Nd5+ Kf7 32. Nb6 Rc6 33. Nd7 Rd8 34.
Ndxe5+ Bxe5 35. Nxe5+ Ke6 36. Nxc6 1-0

[Event "Tournoi Skype 031B"]
[Site "Skype"]
[Date "????.??.??"]
[Round "6.43"]
[White "Chamorro Cajina, Ivan Antonio"]
[Black "Yepez, German"]
[Result "0-1"]
[WhiteElo "1045"]
[BlackElo "1171"]
[PlyCount "72"]

1. e4 e5 2. c4 Nf6 3. Nc3 a6 4. d4 exd4 5. Qxd4 Nc6 6. Qd1 Bc5 7. e5 Nxe5 8. h3
d6 9. Nf3 Nc6 10. Be2 O-O 11. O-O h6 12. a3 Bf5 13. b4 Ba7 14. b5 axb5 15. cxb5
Ne7 16. Nh4 Be6 17. Bb2 c6 18. a4 Nfd5 19. Bf3 Nxc3 20. Bxc3 d5 21. bxc6 Nxc6
22. Bg4 d4 23. Bd2 Qxh4 24. Ra3 f5 25. Bh5 Qe7 26. Rg3 Rf6 27. Qe2 Qd7 28. Re1
f4 29. Rf3 g6 30. Bg4 Bxg4 31. hxg4 Raf8 32. Kf1 Qxg4 33. Qc4+ Kg7 34. Bb4 R8f7
35. Bc5 Bxc5 36. Qxc5 g5 0-1

[Event "Tournoi Skype 031B"]
[Site "Skype"]
[Date "????.??.??"]
[Round "6.44"]
[White "Gomez Zuluaga, Jorge Adiel"]
[Black "Bondone, Silvestre"]
[Result "1-0"]
[WhiteElo "1161"]
[BlackElo "1000"]
[PlyCount "85"]

1. e3 e5 2. Nf3 d6 3. g3 Nf6 4. Bg2 Be7 5. d3 c6 6. Nbd2 Bf5 7. O-O Nbd7 8. b3
O-O 9. Nh4 Bg4 10. Qe1 d5 11. d4 exd4 12. exd4 Qe8 13. h3 Bh5 14. Bb2 Bd8 15.
Qc1 Bc7 16. Re1 Qd8 17. Nf5 Bg6 18. Nh4 Bh5 19. a4 Re8 20. Rxe8+ Qxe8 21. Bc3
Qe2 22. Nhf3 Qa6 23. Qb2 Re8 24. g4 Bg6 25. a5 b5 26. b4 Nxg4 27. hxg4 Nf6 28.
Bh3 Bb8 29. Kg2 Qc8 30. Ne5 Bxc2 31. Qxc2 Re6 32. a6 Nd7 33. Ndf3 Rh6 34. Kg3
Nxe5 35. dxe5 Qe6 36. Bd4 f5 37. Rh1 fxg4 38. Ng5 Qd7 39. f4 gxh3 40. Nxh3 Rg6+
41. Ng5 Qf7 42. Rf1 h6 43. Qe2 1-0

[Event "Tournoi Skype 031B"]
[Site "Skype"]
[Date "????.??.??"]
[Round "6.45"]
[White "Reese, Evan"]
[Black "Gagnon, Sindy"]
[Result "1-0"]
[WhiteElo "1114"]
[BlackElo "1000"]
[PlyCount "29"]

1. e4 e5 2. Nc3 d6 3. Bc4 Ne7 4. Nf3 g6 5. O-O Bg7 6. d3 O-O 7. h3 c6 8. Be3 d5
9. exd5 cxd5 10. Nxd5 Qa5 11. Nxe7+ Kh8 12. Nxc8 Rxc8 13. Ng5 Kg8 14. Qf3 Qd8
15. Nxf7 1-0

[Event "Tournoi Skype 031B"]
[Site "Skype"]
[Date "????.??.??"]
[Round "6.46"]
[White "Lecluyse, Koenraad"]
[Black "Fuentes, Francisco"]
[Result "1-0"]
[WhiteElo "1096"]
[BlackElo "1000"]
[PlyCount "75"]

1. d4 e6 2. e4 d5 3. e5 c6 4. Bd3 Qb6 5. c3 Ne7 6. Nf3 h6 7. O-O a6 8. b4 c5 9.
bxc5 Qa5 10. Ba3 Nec6 11. Bc2 Be7 12. Qd3 g6 13. Bb3 Qd8 14. c4 Bh4 15. cxd5
exd5 16. Re1 O-O 17. Nc3 Be6 18. Bc1 Bg5 19. Bxg5 hxg5 20. h3 Nb4 21. Qd2 N8c6
22. Rab1 g4 23. hxg4 Bxg4 24. Ng5 Bf5 25. Qf4 Bxb1 26. Rxb1 Nd3 27. Qh4 Qxg5
28. Qxg5 Nxd4 29. Nxd5 Kg7 30. Qf6+ Kh6 31. Bc2 Ne2+ 32. Kf1 Nef4 33. Nxf4 Nxf4
34. Qxf4+ Kg7 35. Rb3 Rh8 36. Qf6+ Kh7 37. Rh3+ Kg8 38. Qxh8# 1-0

[Event "Tournoi Skype 031B"]
[Site "Skype"]
[Date "????.??.??"]
[Round "6.47"]
[White "Baratta, Giuseppe"]
[Black "Jimenez Del Rosario, Alsis Raynely"]
[Result "0-1"]
[WhiteElo "1000"]
[BlackElo "1093"]
[PlyCount "81"]

1. d4 Nf6 2. Nc3 e6 3. a3 d5 4. Bf4 Bd6 5. e3 Bxf4 6. exf4 Nc6 7. Bb5 a6 8. Ba4
b5 9. Bb3 Qd6 10. Nf3 Qxf4 11. O-O Ne4 12. Ne2 Qd6 13. c4 bxc4 14. Bc2 Bb7 15.
Qc1 f5 16. Nf4 e5 17. Nxe5 Nxe5 18. dxe5 Qxe5 19. Bd1 O-O-O 20. Nh5 c3 21. bxc3
Qxc3 22. Bc2 g6 23. Nf4 Nd2 24. Rd1 Ne4 25. Ne2 Qc6 26. Nd4 Qc4 27. Ne6 Rd7 28.
Bd3 Qxc1 29. Raxc1 h5 30. Nc5 Nxc5 31. Rxc5 Rf8 32. Be2 h4 33. Bf3 c6 34. g3
hxg3 35. fxg3 g5 36. Rd4 g4 37. Bxg4 fxg4 38. Rxg4 d4 39. Rc4 d3 40. Rcd4 Rxd4
41. Rxd4 0-1

[Event "Tournoi Skype 031B"]
[Site "Skype"]
[Date "????.??.??"]
[Round "6.48"]
[White "Mfengu, Daluthando"]
[Black "Lai, Mattia"]
[Result "1-0"]
[WhiteElo "1082"]
[BlackElo "1000"]
[PlyCount "99"]

1. e4 c6 2. d4 d5 3. Nc3 Nf6 4. Bd3 Bg4 5. Nge2 e6 6. f3 Bh5 7. O-O Bd6 8. e5
Be7 9. exf6 Bxf6 10. Be3 Nd7 11. Ng3 Bg6 12. Bxg6 hxg6 13. f4 Bh4 14. Qe1 Nf6
15. h3 Nh5 16. Nce2 Nf6 17. Bf2 Bxg3 18. Nxg3 Ne4 19. Nxe4 dxe4 20. Qxe4 O-O
21. c4 Qe7 22. g4 Rae8 23. Rad1 f5 24. Qf3 g5 25. Bg3 gxf4 26. Bxf4 Qh4 27. Bd6
Rf6 28. gxf5 exf5 29. d5 Rg6+ 30. Kh2 Re4 31. Qxf5 Qg3+ 32. Bxg3 Re2+ 33. Bf2
Kh7 34. d6 Re8 35. Bxa7 Re2+ 36. Rf2 Re8 37. d7 Rd8 38. Bb6 Rb8 39. Qh5+ Rh6
40. Qxh6+ Kxh6 41. Rd6+ g6 42. d8=R Rxd8 43. Bxd8 b5 44. Rxc6 bxc4 45. Rxc4 g5
46. Kg3 Kh5 47. Rf5 Kg6 48. Kg4 Kh6 49. Bxg5+ Kg6 50. Rc6+ 1-0

[Event "Tournoi Skype 031B"]
[Site "Skype"]
[Date "????.??.??"]
[Round "6.49"]
[White "Bolanos Ocampo, Sandra"]
[Black "Baker, Abi"]
[Result "0-1"]
[WhiteElo "1000"]
[BlackElo "1067"]
[PlyCount "93"]

1. e4 d5 2. Nc3 e5 3. exd5 Nf6 4. Nf3 Bg4 5. h3 Bxf3 6. Qxf3 Qe7 7. Bb5+ Nbd7
8. d3 g6 9. Bg5 Bg7 10. Bc4 h6 11. Bh4 g5 12. Bg3 Nc5 13. Qe2 e4 14. dxe4 Nfxe4
15. Qe3 f5 16. f3 Nxg3 17. Ne4 Nxh1 18. O-O-O Na4 19. c3 f4 20. Qd2 O-O 21.
Rxh1 Kh7 22. Qc2 h5 23. Nc5+ Kh6 24. Qxa4 Qxc5 25. b3 Bxc3 26. b4 Qxc4 27. Qc2
Qxb4 28. Rd1 Qa3+ 29. Kb1 g4 30. fxg4 h4 31. Rd3 Qb4+ 32. Kc1 f3 33. gxf3 Qf4+
34. Kd1 Qg3 35. Rxc3 Qxh3 36. Qd2+ Kg6 37. Qd3+ Kh6 38. Qe3+ Kg6 39. Qe6+ Rf6
40. Qe4+ Kg5 41. Qe5+ Kg6 42. Qxc7 Qh1+ 43. Kc2 Qg2+ 44. Kb3 Rxf3 45. Qxb7 Re8
46. Qc6+ Rf6 47. Qxf6+ 0-1

[Event "Tournoi Skype 031B"]
[Site "Skype"]
[Date "????.??.??"]
[Round "6.50"]
[White "Hernandez Lopez, Joaquin"]
[Black "Ricord, Gerardo"]
[Result "1-0"]
[WhiteElo "1066"]
[BlackElo "1000"]
[PlyCount "67"]

1. e4 e5 2. Nf3 Nc6 3. Bc4 h6 4. O-O Bc5 5. c3 Nf6 6. d4 exd4 7. cxd4 Bb4 8.
Bd2 Bxd2 9. Nbxd2 d6 10. h3 a6 11. a4 Bd7 12. Qb3 O-O 13. d5 Na5 14. Qe3 Nxc4
15. Nxc4 b5 16. Ncd2 bxa4 17. Nh2 Rb8 18. Rab1 Bb5 19. Rfc1 Bd7 20. f4 Re8 21.
Rf1 Nxd5 22. Qd4 Bb5 23. Rf3 c6 24. Rg3 g6 25. f5 Re5 26. Ng4 c5 27. Qf2 Qe7
28. Nxe5 Qxe5 29. exd5 Qxd5 30. fxg6 Rf8 31. gxf7+ Kh7 32. Qf6 Rxf7 33. Qg6+
Kh8 34. Qg8# 1-0

[Event "Tournoi Skype 031B"]
[Site "Skype"]
[Date "????.??.??"]
[Round "6.51"]
[White "Samudio Villarreal, Eduardo"]
[Black "Maccaferri, Massimo"]
[Result "0-1"]
[WhiteElo "1000"]
[BlackElo "1052"]
[PlyCount "72"]

1. e4 e5 2. d3 Nc6 3. Bd2 a5 4. a4 Bb4 5. c3 Bc5 6. Be2 Qh4 7. g3 Qf6 8. Nf3
Qg6 9. O-O d6 10. Nh4 Qf6 11. Qc2 Bh3 12. Rc1 Qxf2+ 13. Kh1 Qxe2 14. d4 Ba7 15.
Re1 Qg4 16. Be3 g5 17. d5 gxh4 18. Bxa7 hxg3 19. Kg1 gxh2+ 20. Kf2 Qg2+ 21. Ke3
Qxc2 22. Na3 Qg2 23. Nb5 Qg3+ 24. Ke2 Bg4+ 25. Kd2 Qf2+ 26. Kd3 Qf3+ 27. Kd2
O-O-O 28. dxc6 bxc6 29. b4 axb4 30. cxb4 Nf6 31. Kc2 cxb5 32. axb5 Nxe4 33. b6
Qc3+ 34. Kb1 Qxe1+ 35. Kb2 Qxb4+ 36. Ka2 Be6# 0-1

[Event "Tournoi Skype 031B"]
[Site "Skype"]
[Date "????.??.??"]
[Round "6.52"]
[White "Schnell, Nicolas"]
[Black "Marroquin Mayhua, Silvia"]
[Result "0-1"]
[WhiteElo "1035"]
[BlackElo "1000"]
[PlyCount "72"]

1. e4 e5 2. b3 d6 3. Nc3 Nf6 4. Bc4 Qe7 5. Ba3 Nc6 6. Nf3 h6 7. Nh4 g6 8. Qf3
Bg7 9. Nd5 Nd4 10. Qc3 Qd8 11. O-O-O Be6 12. Qa5 Nc6 13. Nxc7+ Kd7 14. Bxe6+
fxe6 15. Qc3 Qxc7 16. Qd3 Bf8 17. Nxg6 Rg8 18. Nxe5+ Nxe5 19. Qb5+ Kc8 20. d4
Neg4 21. d5 Nxf2 22. Rde1 Nxh1 23. Rxh1 Rxg2 24. Qd3 Rxc2+ 25. Kb1 Qc3 26.
Qxc3+ Rxc3 27. dxe6 Nxe4 28. Rd1 Kd8 29. Rg1 Ng5 30. Rxg5 hxg5 31. Bb4 Re3 32.
Ba5+ b6 33. Bb4 Rxe6 34. a4 Kd7 35. Bc3 Rae8 36. b4 Re2 0-1

[Event "Tournoi Skype 031B"]
[Site "Skype"]
[Date "????.??.??"]
[Round "6.53"]
[White "Santa Cruz, Oscar Ruben"]
[Black "Alverson, Ginny"]
[Result "1-0"]
[WhiteElo "1000"]
[BlackElo "1000"]
[PlyCount "57"]

1. e4 c5 2. Nf3 d6 3. d4 cxd4 4. Nxd4 Nc6 5. Be3 Bd7 6. Nc3 e5 7. Ndb5 a6 8.
Na3 Nf6 9. Bc4 Be7 10. O-O O-O 11. Nd5 Nxd5 12. Bxd5 Nb4 13. Nc4 Bb5 14. c3
Bxc4 15. Bxc4 Qc8 16. Bb3 b5 17. Rc1 Nc6 18. Bd5 Rb8 19. f4 exf4 20. Bxf4 b4
21. cxb4 Rxb4 22. Rxc6 Qa8 23. Bxd6 Bxd6 24. Rxd6 Qe8 25. Qd2 Ra4 26. Bc6 Qc8
27. Bxa4 Re8 28. Bc2 Rxe4 29. Bxe4 1-0

[Event "Tournoi Skype 031B"]
[Site "Skype"]
[Date "????.??.??"]
[Round "6.54"]
[White "Farfallini, Michel"]
[Black "Hernandez, Ivan"]
[Result "1/2-1/2"]
[WhiteElo "1446"]
[BlackElo "1016"]
[PlyCount "79"]

1. e4 e5 2. Nf3 Nc6 3. d4 d6 4. dxe5 dxe5 5. Qxd8+ Nxd8 6. Nxe5 Be6 7. Bf4 Nf6
8. Nd2 Bd6 9. Bg3 Nc6 10. Nef3 Bxg3 11. hxg3 O-O-O 12. O-O-O Bxa2 13. Bc4 Nb4
14. Ne5 Bxc4 15. Ndxc4 Nxe4 16. Nxf7 Nxf2 17. Rxd8+ Rxd8 18. Rf1 Rd1+ 19. Rxd1
Nxd1 20. Kxd1 c5 21. Ng5 Kc7 22. Nxh7 b5 23. b3 bxc4 24. bxc4 a5 25. Ng5 a4 26.
Ne4 a3 27. Kc1 a2 28. Kb2 Kb6 29. c3 Ka5 30. cxb4+ Kxb4 31. Kxa2 Kxc4 32. Kb2
Kb4 33. Nxc5 Kxc5 34. Kc3 Kd5 35. Kd3 Ke5 36. Ke3 Kf5 37. Kf3 g5 38. g4+ Ke5
39. Kg3 Kf6 40. Kf3 1/2-1/2

[Event "Tournoi Skype 031B"]
[Site "Skype"]
[Date "????.??.??"]
[Round "6.55"]
[White "Molina, Maria Lucia"]
[Black "Borg, Anthony"]
[Result "0-1"]
[WhiteElo "1000"]
[BlackElo "1297"]
[PlyCount "70"]

1. d4 d5 2. f4 c6 3. Nf3 Bf5 4. e3 Nf6 5. Bd3 Ne4 6. c3 e6 7. Ne5 Qf6 8. Nd2
Bd6 9. Ndf3 h6 10. b4 a6 11. Bb2 Qe7 12. Qe2 Nd7 13. O-O-O O-O 14. h3 Nb6 15.
g4 Bg6 16. Nxg6 fxg6 17. a4 Nxa4 18. Ne5 Rf6 19. Ba3 Naxc3 20. Qe1 Nxd1 21.
Qxd1 Bxb4 22. Bxb4 Qxb4 23. Qc2 Qd6 24. h4 h5 25. g5 Rf5 26. Rg1 Rc8 27. Qb2 b5
28. Kc2 c5 29. Ra1 cxd4+ 30. Kd1 dxe3 31. Bxb5 axb5 32. Qa2 Nf2+ 33. Ke2 Rxf4
34. Qa6 Rc2+ 35. Kxe3 Qxe5# 0-1

[Event "Tournoi Skype 031B"]
[Site "Skype"]
[Date "????.??.??"]
[Round "6.57"]
[White "Gerbaux, Regis"]
[Black "Micocci, Lucia"]
[Result "0-1"]
[WhiteElo "1024"]
[BlackElo "1000"]
[PlyCount "22"]

1. e4 e5 2. Nf3 Nc6 3. Bc4 Bc5 4. c3 d6 5. d4 exd4 6. cxd4 Bb6 7. O-O Nf6 8.
Nc3 O-O 9. h3 h6 10. Qc2 Bxd4 11. Nxd4 Nxd4 0-1

[Event "Tournoi Skype 031B"]
[Site "Skype"]
[Date "????.??.??"]
[Round "6.58"]
[White "Alcaraz Acosta, Luisa Montserrat"]
[Black "Rodgerson, Michael"]
[Result "1-0"]
[WhiteElo "1000"]
[BlackElo "1000"]
[PlyCount "49"]

1. e4 e5 2. Nf3 Be7 3. Bc4 Nf6 4. d3 d5 5. Bb5+ Bd7 6. Nc3 O-O 7. O-O c6 8. Ba4
Qb6 9. b3 Bb4 10. Nxe5 Be6 11. h3 Bxc3 12. Rb1 Nbd7 13. Nc4 Qc7 14. Bg5 dxc4
15. bxc4 Rac8 16. Qf3 Rfe8 17. Rbd1 Bb2 18. Bb3 Ne5 19. Qe3 h6 20. Bxf6 gxf6
21. d4 Nd7 22. Qxh6 f5 23. Rfe1 Bc3 24. Re3 Qa5 25. Rg3# 1-0

[Event "Tournoi Skype 031B"]
[Site "Skype"]
[Date "????.??.??"]
[Round "6.59"]
[White "Bosetti, Giancarlo"]
[Black "Schllosser, Marcos Antonio"]
[Result "1-0"]
[WhiteElo "1000"]
[BlackElo "1000"]
[PlyCount "143"]

1. e4 e5 2. Nf3 Nc6 3. Bc4 Bc5 4. c3 Nf6 5. d3 O-O 6. Bg5 a6 7. O-O d6 8. d4
exd4 9. cxd4 Ba7 10. Nc3 b5 11. Re1 bxc4 12. e5 Nxe5 13. dxe5 Re8 14. exf6
Rxe1+ 15. Qxe1 g6 16. Rd1 Be6 17. Nd4 Bxd4 18. Rxd4 Rb8 19. Rd2 h5 20. Bh4 a5
21. Qe3 Ra8 22. Qh6 Qf8 23. Qg5 a4 24. Nd5 c6 25. Nc7 Ra7 26. Nxe6 fxe6 27.
Rxd6 Qxd6 28. h3 Rb7 29. f7+ Kf8 30. Qh6+ Kxf7 31. Qh7+ Ke8 32. Qxb7 c5 33.
Qb5+ Kf7 34. Qxc4 a3 35. bxa3 Qd2 36. Qb3 c4 37. Qxc4 Kg7 38. Qxe6 Kh6 39. g4
hxg4 40. hxg4 Kg7 41. Qe7+ Kg8 42. Kg2 Qxa2 43. Qe8+ Kg7 44. Qd7+ Kh6 45. g5+
Kh5 46. Qh7+ Kg4 47. Qh6 Qxa3 48. Bg3 Kf5 49. Qh4 Qa5 50. Qf4+ Ke6 51. Qe4+ Kf7
52. Kf3 Qxg5 53. Qf4+ Qxf4+ 54. Bxf4 Kf6 55. Kg4 g5 56. Bxg5+ Ke5 57. Kf3 Kf5
58. Bc1 Ke6 59. Kf4 Kd5 60. Kf5 Kd4 61. f4 Kd5 62. Kf6 Kd4 63. Ke6 Kd3 64. f5
Ke4 65. f6 Kd3 66. f7 Kc2 67. f8=Q Kxc1 68. Qf2 Kd1 69. Kd5 Kc1 70. Kc4 Kd1 71.
Kc3 Kc1 72. Qc2# 1-0

[Event "Tournoi Skype 031B"]
[Site "Skype"]
[Date "????.??.??"]
[Round "6.60"]
[White "Cassano, Mariangela"]
[Black "Carias, Nancy"]
[Result "1-0"]
[WhiteElo "1000"]
[BlackElo "1000"]
[PlyCount "75"]

1. d4 f5 2. Bf4 Nf6 3. e3 e6 4. Nf3 Be7 5. Be2 O-O 6. O-O b5 7. c3 d5 8. Bxb5
Bb7 9. Bd3 Nbd7 10. Nbd2 c6 11. Qc2 Qe8 12. Ng5 h6 13. Nxe6 Rf7 14. Nc7 Qf8 15.
Nxa8 Bxa8 16. Bxf5 Nb6 17. b4 Nh5 18. Be5 Rxf5 19. Qxf5 Qxf5 20. f3 Qd3 21.
Rfd1 Qxc3 22. Rab1 Qd3 23. Rbc1 Qf5 24. Bc7 Na4 25. e4 Qg5 26. g4 Qh4 27. gxh5
Qg4+ 28. fxg4 dxe4 29. Nxe4 a5 30. Bxa5 c5 31. Rxc5 Kh7 32. Re1 Nc3 33. Nxc3
Bf8 34. Re4 g5 35. hxg6+ Kxg6 36. Re6+ Kg7 37. d5 h5 38. gxh5 1-0

[Event "Tournoi Skype 031B"]
[Site "Skype"]
[Date "????.??.??"]
[Round "7.1"]
[White "Pirola, Gabriele"]
[Black "Nicolini, Francesco"]
[Result "1/2-1/2"]
[WhiteElo "1196"]
[BlackElo "1165"]
[PlyCount "35"]

1. Nf3 Nc6 2. d4 Nf6 3. g3 e6 4. Bg2 d5 5. c3 Bd6 6. O-O O-O 7. Nbd2 h6 8. Re1
Re8 9. e4 dxe4 10. Nxe4 Nxe4 11. Rxe4 Bd7 12. Re1 Rb8 13. Qc2 Qf6 14. Qd3 Ne7
15. Ne5 Red8 16. Nxd7 Rxd7 17. Qf3 Qxf3 18. Bxf3 1/2-1/2

[Event "Tournoi Skype 031B"]
[Site "Skype"]
[Date "????.??.??"]
[Round "7.2"]
[White "Sosa, Juan Carlos"]
[Black "Castillo, David"]
[Result "1-0"]
[WhiteElo "1199"]
[BlackElo "1449"]
[PlyCount "41"]

1. d4 f5 2. Bf4 Nf6 3. Nc3 d6 4. Nf3 Nbd7 5. e3 a6 6. Bd3 Nb6 7. O-O Nbd5 8.
Nxd5 Nxd5 9. Bg5 h6 10. Bh4 Nb4 11. Bc4 d5 12. Be2 Nc6 13. c3 g6 14. c4 Be6 15.
Qb3 Rb8 16. Qa4 Kf7 17. Rad1 Bg7 18. Bg3 dxc4 19. Bxc4 Bxc4 20. Qxc4+ Kf6 21.
Be5+ 1-0